00421nam a22001337a 4500003000500000038001800005082000800023100001800031245008600049264003500135650002500170700003400195856005800229NUST aNusrat Nadeem a200 aAkram, Nauman aDisguise Detection in Handwritten Signatures using Deep Learning/cNauman Akram,  aIslamabad:bSEECS NUST.c2025. aMS-Computer Science  aSupervisor: Dr. M Imran Malik u http://10.250.8.41:8080/xmlui/handle/123456789/54385